Villes du Haut-Rhin en images - Statistiques

Statistiques générales
  • Ce quiz a été pris 140 fois
  • Le résultat moyen est 9 sur 18
Statistiques - réponses
Par images Hint Réponse % Correct
C Colmar
98%
M Mulhouse
95%
M Munster
91%
F Fessenheim
77%
T Thann
64%
R Ribeauvillé
60%
S {Sainte}-{Marie}-aux-Mines
60%
S Saint-Louis
57%
R Riquewihr
53%
E Eguisheim
52%
G Guebwiller
51%
A Altkirch
46%
W Wittenheim
42%
R Rouffach
27%
C Cernay
19%
H Hunawihr
10%
B Bergheim
8%
M Metzeral
4%
Aucun quiz correspondant
Distribution des résultats
% des personnes avec chaque résultat
Percentile par nombre de réponses
Votre historique - résultats
Vous n’avez pas pris ce quiz